000 00735nam0a22002291 4500
001 rc\2670724
005 20250529195516.0
035 _a(NLR Aleph) 006976999
090 _a5496864
_c5496864
100 _a20110621d1927 |||y0rusy50 ca
101 0 _arus
102 _aRU
105 _ay z |||||
200 1 _aЧто надо знать о производственных совещаниях
210 _aХарьков
_aАртемовск
_cУкраинский рабочий
_cУкр. раб.
_d1927
215 _a96 с.
_d14×11 см
_e[1] с. "содержания" на обл.
700 1 _aШульман
_bБ.
801 0 _aRU
_bNLR
_gpsbo
801 1 _aRU
_bELAR
_2rusmarc
852 _aNLR
_j62/3471
942 _cBOOK
980 _aNB